Online
Catalog

Breve historia de los Estados Unidos / (Record no. 34688)

MARC details
000 -CABECERA
campo de control de longitud fija 00722nam a2200205 a 4500
001 - NÚMERO DE CONTROL
campo de control 000035197
005 - FECHA Y HORA DE LA ÚLTIMA TRANSACCIÓN
campo de control 20200930074154.0
008 - DATOS DE LONGITUD FIJA--INFORMACIÓN GENERAL
campo de control de longitud fija 111025s1962 ag abc 000 0 spa d
040 ## - FUENTE DE LA CATALOGACIÓN
Centro catalogador/agencia de origen DO-SdBNP
Lengua de catalogación spa
Centro/agencia transcriptor BNPHU
082 ## - NÚMERO DE LA CLASIFICACIÓN DECIMAL DEWEY
Número de clasificación 973
Número de documento/Ítem R535b
100 1# - ENTRADA PRINCIPAL--NOMBRE DE PERSONA
Nombre de persona Richter, Werner
9 (RLIN) 60929
240 10 - TÍTULO UNIFORME
Título uniforme Kleine geschichte del vereinigten staaten
Lenguaje de la obra Español
245 10 - MENCIÓN DE TÍTULO
Título Breve historia de los Estados Unidos /
Mención de responsabilidad, etc. Werner Richter.
260 ## - PUBLICACIÓN, DISTRIBUCIÓN, ETC.
Lugar de publicación, distribución, etc. Buenos Aires :
Nombre del editor, distribuidor, etc. Ateneo Editorial,
Fecha de publicación, distribución, etc. 1962.
300 ## - DESCRIPCIÓN FÍSICA
Extensión 191 p. :
Otras características físicas il., map., retr.
500 ## - NOTA GENERAL
Nota general Traducido del alemán
590 ## - NOTA LOCAL (RLIN)
Nota local Perteneció a la biblioteca personal de Juan Isidro Jimenes Grullón
651 #4 - PUNTO DE ACCESO ADICIONAL DE MATERIA--NOMBRE GEOGRÁFICO
Nombre geográfico Estados Unidos
Subdivisión general Historia
9 (RLIN) 42306
910 ## - DATOS DE OPCIÓN DEL USUARIO (OCLC)
Datos de opción del usuario Validado. Control de calidad MFF
Holdings
Estado de retiro Estado de pérdida Restricciones de uso No para préstamo Código de colección Localización permanente Ubicación/localización actual Ubicación en estantería Fecha de adquisición Número de inventario Total de préstamos Signatura topográfica completa Código de barras Fecha visto por última vez Precio válido a partir de Tipo de ítem Koha Nota pública
        Monografías: Libros y Folletos General General Orden iniciada 25.10.2011 LF1   973 R535b 35197-10 25.06.2020 25.06.2020 No se presta Perteneció a la biblioteca personal de Juan Isidro Jimenes Grullón

Powered by Koha